| 000 | 00353pab a2200133 454500 | ||
|---|---|---|---|
| 008 | 180718b xxu||||| |||| 00| 0 eng d | ||
| 100 | _aGao, Xian Hua | ||
| 245 | _aThe rural health care system in China | ||
| 650 | _a Rural Health Care | ||
| 650 | _a Health Care | ||
| 650 | _aHealth Services - China | ||
| 773 | _aHealth for the Millions | ||
| 909 | _a22197 | ||
| 999 |
_c22197 _d22197 |
||